| 000 | 00883nas a2200289 4500 | ||
|---|---|---|---|
| 001 | BR2013007921 | ||
| 003 | BR-BrBNA | ||
| 005 | 20231205123022.0 | ||
| 007 | ta | ||
| 008 | 230509b bl.|||p| |||| 00| 00por d | ||
| 040 |
_aBR-BrBNA _bpor _cBiblioteca Nacional de Agricultura |
||
| 041 | _a(Pt) | ||
| 072 | _aL73 | ||
| 100 | 1 | _aMotta, A.C. da | |
| 100 | 1 | _aLoss, F.R. | |
| 100 | 1 | _abortolini, C.E. | |
| 100 | 1 | _aSantos, E.D. dos | |
| 100 | 1 | _aContesini, E.A. | |
| 245 | 1 | _aHepatite infecciosa canina: relato de dois casos | |
| 650 | _aCÃO | ||
| 650 | _aFÍGADO | ||
| 650 | _aDOENÇA ANIMAL | ||
| 650 | _aHEPATITE | ||
| 773 | 0 |
_tMedvep. Revista Científica de Medicina Veterinária. Pequenos Animais e Animais de Estimação (Brazil) _xISSN 1678-1430 _g(2013), v. 11(36) p. 278-280 _wBR2013007921 |
|
| 909 |
_a202311 _bLúcia _c55 _dLúcia Elande |
||
| 942 |
_2AGRIS _n0 _cANA |
||
| 999 |
_c231795 _d231795 |
||